| 000 | 00622nam a2200181Ia 4500 | ||
|---|---|---|---|
| 008 | 151202s9999||||xx |||||||||||||| ||und|| | ||
| 082 | _bPNVM-79531 | ||
| 100 | _aखांडेकर राजीव. | ||
| 245 | _aहार्ट टू हार्ट. | ||
| 260 | _b"नवचैतन्य प्रकाशन,बोरोवली." | ||
| 260 | _c2007 | ||
| 300 | _a179 | ||
| 600 | _aखांडेकर राजीव. | ||
| 630 | _aहार्ट टू हार्ट. | ||
| 700 | _aखांडेकर राजीव. | ||
| 730 | _aहार्ट टू हार्ट. | ||
| 942 | _cBOOK | ||
| 999 |
_c1344140 _d1344137 |
||